10 meilleures équipes au classement FIFA - Statistiques

Statistiques générales
  • Ce quiz a été pris 661 fois
  • Le résultat moyen est 16 sur 19
Statistiques - réponses
# Years Team % Correct
8 France
99%
6 Allemagne
98%
9 Argentine
98%
10 Brésil
98%
10 Espagne
98%
10 Portugal
95%
9 Belgique
94%
4 Italie
94%
6 Angleterre
93%
4 Pays-Bas
85%
2 Croatie
82%
6 Uruguay
78%
3 Suisse
75%
5 Colombie
71%
1 Pologne
68%
2 Mexique
67%
3 Chili
61%
2 Danemark
59%
1 Autriche
46%
Aucun quiz correspondant
Distribution des résultats
% des personnes avec chaque résultat
Percentile par nombre de réponses
Votre historique - résultats
Vous n’avez pas pris ce quiz